000 00348nam a2200145Ia 4500
008 230711s9999||||xx |||||||||||||| ||und||
041 _aENG
082 _a720
_bIS-I
100 _aISTE
245 0 _aIsteducation handbook 2003
250 _a1st Ed.
260 _c2003
_aNew Delhi
_bNew Delhi ISTE Publication
650 _aArchitecture
942 _cBK
999 _c4197
_d4197